| 000 | 00562nam a22002057a 4500 | ||
|---|---|---|---|
| 003 | dela salle | ||
| 005 | 20140310182935.0 | ||
| 008 | 130201t xxu||||| |||| 00| 0 eng d | ||
| 020 | _a0646453815 | ||
| 050 |
_aDS655 _b.C355 2006 |
||
| 082 |
_aFIL959.9 _bC355 2006 |
||
| 245 |
_aAs I see it _bFilipinos and the Philippines _cPura Santillan-Castrense |
||
| 260 |
_aSydney _bManila Prints _c2006 |
||
| 300 |
_axiv, 186 p. : ill. _c22 cm. |
||
| 521 | _acollege students | ||
| 526 | _c1210L-1700L | ||
| 562 | _e1 | ||
| 942 |
_2lcc _cBK _kFIL |
||
| 999 |
_c17606 _d17606 |
||